[Event "Sun Pawn B"]
[Site "Illichevsk UKR"]
[Date "2008.07.23"]
[Round "4"]
[White "Belosvetov,N"]
[Black "Puchkov,A"]
[Result "1/2-1/2"]
[WhiteElo "2273"]
[BlackElo "2267"]

1.d4 d5 2.c4 c6 3.Nf3 Nf6 4.Nc3 a6 5.c5 Bf5 6.Bf4 Nh5 7.Qd2 Nxf4 8.Qxf4 e6
9.g4 Bg6 10.h4 f6 11.h5 Bf7 12.e4 Nd7 13.exd5 cxd5 14.O-O-O Be7 15.Bd3 O-O
16.Kb1 Rc8 17.Rhe1 Re8 18.Qd2 Rc6 19.Bc2 b5 20.Qd3 g6 21.b4 Qb8 22.Rh1 Kg7
23.hxg6 hxg6 24.Qe3 Rh8 25.Nxd5 exd5 26.Qxe7 Rxh1 27.Rxh1 Nf8 28.Qe3 g5 29.Bf5 a5
30.bxa5 Ra6 31.Nd2 Rxa5 32.Qh3 Bg8 33.Qh6+ Kf7 34.Qh5+ Kg7 35.Nb3 Ra7 36.Qh6+ Kf7
37.Re1 Qf4 38.Qh5+  1/2-1/2

[Event "XXVI Andorra Open"]
[Site "La Massana AND"]
[Date "2008.07.23"]
[Round "5"]
[White "Lafuente,P"]
[Black "Garcia,Rau"]
[Result "1-0"]
[WhiteElo "2505"]
[BlackElo "2254"]

1.d4 d5 2.c4 c6 3.Nf3 Nf6 4.Nc3 a6 5.a4 e6 6.Bg5 Be7 7.e3 O-O 8.Bd3 dxc4
9.Bxc4 c5 10.O-O cxd4 11.exd4 Nc6 12.Re1 Nb4 13.Qe2 Re8 14.Rad1 Nfd5 15.Bxe7 Rxe7
16.Qe5 Nxc3 17.bxc3 Nc6 18.Qe4 Bd7 19.Ng5 g6 20.Qh4 h5 21.Ne4 Qa5 22.d5 exd5
23.Rxd5 Qd8 24.Rxh5 Rxe4 25.Rh8+ Kg7 26.Rh7+ Kg8 27.Bxf7+  1-0

[Event "1st Open"]
[Site "Paleochora GRE"]
[Date "2008.07.23"]
[Round "4"]
[White "Siebrecht,S"]
[Black "Postny,E"]
[Result "0-1"]
[WhiteElo "2453"]
[BlackElo "2661"]

1.d4 d5 2.Nf3 c6 3.c4 Nf6 4.Nc3 a6 5.e3 b5 6.b3 Bg4 7.h3 Bxf3 8.Qxf3 e5 9.c5 Nbd7
10.g4 g6 11.Bd2 Bg7 12.O-O-O O-O 13.Bg2 Ne8 14.h4 exd4 15.exd4 Bxd4 16.Bg5 Bf6
17.Nxd5 cxd5 18.Rxd5 Ra7 19.Kb1 Qe7 20.Bd2 Nc7 21.Re1 Ne5 22.Rdxe5 Bxe5 23.Bc3 f6
24.Qc6 Qe6 25.Qxe6+ Nxe6 26.Bxe5 fxe5 27.Bd5 Re8 28.Rxe5 Rae7  0-1

[Event "19th Czech Chladek & Tintera A Open"]
[Site "Pardubice CZE"]
[Date "2008.07.23"]
[Round "6"]
[White "Babula,V"]
[Black "Alavkin,A"]
[Result "1-0"]
[WhiteElo "2597"]
[BlackElo "2439"]

1.d4 d5 2.c4 c6 3.Nf3 Nf6 4.Nc3 a6 5.c5 Nbd7 6.Bf4 Nh5 7.Bd2 Nhf6 8.Qc2 Qc7
9.Bg5 g6 10.e3 Bg7 11.Bf4 Qd8 12.h3 O-O 13.Be2 Ne8 14.O-O Nc7 15.b4 Re8 16.Rad1 f5
17.Na4 Bf6 18.Qc3 Nb5 19.Qb3 Kg7 20.Ne5 Bxe5 21.dxe5 Nc7 22.f3 Ne6 23.Bg3 a5
24.e4 axb4 25.exd5 cxd5 26.Rxd5 Qc7 27.Bb5 f4 28.Bf2 Rf8 29.Rfd1 Nb8 30.Nb6 Ra3
31.Qxb4 Rxa2 32.Qb3 Ra7 33.Nxc8 Qxc8 34.Bd7 Nxd7 35.Rxd7 Ra6 36.Rxb7 Rf7
37.Rdd7 Qc6 38.Rxe7 Rxe7 39.Rxe7+ Kh6 40.Kh2 Qc8 41.Qc4 Qc6 42.Be3 Ra4 43.Qxe6  1-0

[Event "19th Czech Chladek & Tintera A Open"]
[Site "Pardubice CZE"]
[Date "2008.07.23"]
[Round "6"]
[White "Buhmann,R"]
[Black "Cerveny,P"]
[Result "0-1"]
[WhiteElo "2561"]
[BlackElo "2353"]

1.Nf3 Nf6 2.c4 c6 3.d4 d5 4.Nc3 a6 5.a4 e6 6.Bg5 h6 7.Bh4 dxc4 8.e4 b5 9.e5 g5
10.exf6 gxh4 11.Ne5 Qxf6 12.Be2 Nd7 13.Nxc6 Bb7 14.Bf3 b4 15.Ne4 Qf5 16.Nd2 Rc8
17.Be4 Qg5 18.Rc1 Nf6 19.Rxc4 Nxe4 20.Nxe4 Qg6 21.d5 exd5 22.O-O Rxc6 23.Re1 dxe4
24.Rcxe4+ Re6 25.Rxe6+ fxe6  0-1

[Event "83rd ch-ARG s/f"]
[Site "Buenos Aires ARG"]
[Date "2008.07.24"]
[Round "4"]
[White "Quiroga,F"]
[Black "Tenti,J"]
[Result "1-0"]
[WhiteElo "2339"]
[BlackElo "2145"]

1.d4 d5 2.c4 c6 3.Nf3 Nf6 4.Nc3 a6 5.e3 b5 6.b3 Bg4 7.h3 Bh5 8.Be2 e6 9.O-O Nbd7
10.Bb2 Be7 11.Ne5 Bxe2 12.Nxe2 Nxe5 13.dxe5 Ne4 14.Nd4 Qd7 15.cxd5 cxd5 16.Qg4 g6
17.Rfd1 Rc8 18.a4 b4 19.h4 h5 20.Qe2 Bxh4 21.g3 Be7 22.Qxa6 O-O 23.Rac1 Bc5
24.Kg2 Rc7 25.f3 Bxd4 26.Bxd4 Nc3 27.Rd2 Rc6 28.Qa5 Qb7 29.Qa7 Qc8 30.Rdc2 Nb5
31.Rxc6 Nxa7 32.Rxc8 Nxc8 33.Rc7 f5 34.exf6 Nd6 35.Rg7+ Kh8  1-0

[Event "XXVI Andorra Open"]
[Site "La Massana AND"]
[Date "2008.07.24"]
[Round "6"]
[White "Lopez Martinez,Josep"]
[Black "Huerga Leache,M"]
[Result "1-0"]
[WhiteElo "2531"]
[BlackElo "2433"]

1.Nf3 d5 2.d4 Nf6 3.c4 c6 4.Nc3 a6 5.a4 e6 6.Bg5 a5 7.e3 Na6 8.Be2 Be7 9.O-O O-O
10.Qb3 h6 11.Bh4 Ne4 12.Bxe7 Qxe7 13.Nxe4 dxe4 14.Ne5 Qg5 15.f4 exf3 16.Rxf3 Nc5
17.Qb6 Ne4 18.Bd3 Nd6 19.Raf1 f5 20.c5 Nf7 21.Nc4 Qd8 22.Qb3 Ng5 23.R3f2 Rf6
24.Nb6 Rb8 25.Rxf5 Rxf5 26.Bxf5 Kh8 27.Bg4 Bd7 28.Qd3 Qe7 29.Nc4 Rf8 30.Rxf8+ Qxf8
31.Nxa5 h5 32.Bxh5 e5 33.Nc4 exd4 34.exd4 Bf5 35.Qe3 Qf6 36.Ne5 Kh7 37.Nf3 Ne6
38.h3 g6 39.Bg4 Bxg4 40.hxg4 Kg7 41.b4 Nf4 42.b5 cxb5 43.axb5 g5 44.Qe5 Qxe5
45.Nxe5 Ne2+ 46.Kf2 Nxd4 47.c6 bxc6 48.b6  1-0

[Event "III Open"]
[Site "Oviedo ESP"]
[Date "2008.07.24"]
[Round "2"]
[White "Del Rio de Angelis,S"]
[Black "Diaz Fernandez,I"]
[Result "1-0"]
[WhiteElo "2526"]
[BlackElo "2179"]

1.d4 d5 2.c4 c6 3.Nf3 Nf6 4.Nc3 a6 5.h3 Bf5 6.Qb3 Ra7 7.Bf4 e6 8.c5 Nbd7
9.e3 b6 10.cxb6 Qxb6 11.Qxb6 Nxb6 12.Ne5 c5 13.dxc5 Bxc5 14.Rc1 d4 15.exd4 Bxd4
16.Nc6 Bxc3+ 17.bxc3 Ra8 18.c4 Be4 19.Na5 O-O 20.f3 Bg6 21.Be2 Rfc8 22.Kf2 Nfd7
23.Rhd1 Nc5 24.Bd6 Nba4 25.Ke3 Ra7 26.f4 Rd7 27.Rd4 Rcd8 28.Nc6 Re8 29.Ne7+ Kh8
30.Bf3 Red8 31.Nxg6+ hxg6 32.Rcd1 Nb7 33.Ba3  1-0

[Event "19th Czech Chladek & Tintera A Open"]
[Site "Pardubice CZE"]
[Date "2008.07.24"]
[Round "7"]
[White "Cerveny,P"]
[Black "Jirka,J"]
[Result "0-1"]
[WhiteElo "2353"]
[BlackElo "2457"]

1.d4 d5 2.c4 c6 3.Nf3 Nf6 4.Nc3 a6 5.a4 e6 6.Bg5 Nbd7 7.a5 h6 8.Bxf6 Qxf6
9.Qb3 dxc4 10.Qxc4 Be7 11.e3 Qg6 12.h3 e5 13.Nxe5 Nxe5 14.dxe5 O-O 15.O-O-O Be6
16.Qa4 Rad8 17.g4 Rxd1+ 18.Qxd1 Rd8 19.Qa4 Bd5 20.Rg1 Bh4 21.Nxd5 Rxd5 22.Rg2 Rc5+
23.Kd2 Qb1 24.Bd3 Qxb2+ 25.Bc2 Qc3+ 26.Kd1 Rd5+ 27.Kc1 Rxa5  0-1

[Event "Politiken Cup"]
[Site "Helsingor DEN"]
[Date "2008.07.25"]
[Round "8"]
[White "Svanholm,B"]
[Black "Jacobsen,Mad"]
[Result "1-0"]
[WhiteElo "2003"]
[BlackElo "1831"]

1.c4 Nf6 2.Nf3 c6 3.d4 d5 4.Nc3 a6 5.e3 Bf5 6.Bd3 Bxd3 7.Qxd3 e6 8.b3 Nbd7
9.O-O Be7 10.Bb2 b5 11.Rfc1 O-O 12.cxb5 cxb5 13.Rc2 Nb6 14.Rac1 Rc8 15.Ne5 Qd6
16.h3 Nfd7 17.Ne2 Rxc2 18.Rxc2 Rc8 19.Rxc8+ Nxc8 20.Qc3 Na7 21.Nf4 f6 22.Nxd7 Qxd7
23.Nd3 Qc6 24.Kf1 Kf7 25.Ke2 Qxc3 26.Bxc3 Nc6 27.f3 b4 28.Bb2 Na5 29.e4 dxe4
30.fxe4 Nb7 31.Nf2 Nd6 32.Kd3 g5 33.Bc1 Kg6 34.Bd2 a5 35.Nd1 Kh5 36.Ne3 f5
37.exf5 Nxf5 38.g4+ Kh4 39.gxf5 Kxh3 40.fxe6 g4 41.Nf5 Bf8 42.d5 g3 43.d6 g2
44.Be3 Kh2 45.e7 Bxe7 46.dxe7 g1=Q 47.Bxg1+ Kxg1 48.e8=Q  1-0

[Event "Politiken Cup"]
[Site "Helsingor DEN"]
[Date "2008.07.25"]
[Round "8"]
[White "Svendsen,Pet"]
[Black "Nielsen,JM"]
[Result "0-1"]
[WhiteElo "2014"]
[BlackElo "2155"]

1.d4 d5 2.c4 c6 3.Nf3 Nf6 4.Nc3 a6 5.a4 g6 6.g3 Bg7 7.Bg2 O-O 8.O-O dxc4
9.Ne5 Be6 10.e4 Nbd7 11.Qe2 Nxe5 12.dxe5 Nd7 13.f4 f5 14.exf6 exf6 15.Be3 Qa5
16.Rad1 Nc5 17.Rd6 Bf7 18.Bd4 Nd3 19.Kh1 Qc7 20.Rxf6 Bxf6 21.Bxf6 Qd6 22.e5 Qd4
23.Ne4 Be6 24.g4 Qxb2 25.Qe3 Bd5 26.f5 Bxe4 27.Bxe4 Rxf6 28.exf6 Qxf6 29.g5 Qe5
30.fxg6 hxg6 31.Qf3 Qe6 32.Bxd3 cxd3 33.Kg1 Re8 34.Qxd3 Qe3+ 35.Qxe3 Rxe3
36.Rb1 b5 37.Rc1 Re6 38.Kf2 Kf7 39.Kf3 Ke7 40.Kf4 Kd6 41.h4 c5 42.Rd1+ Kc6
43.h5 gxh5 44.Kf5 Re2 45.Rg1 b4 46.Kf6 Re8 47.g6 b3 48.Kf7 Rb8 49.g7 Kd5
50.Rg5+ Kc4 51.Rxh5 b2 52.Rh1 Kb3  0-1

[Event "83rd ch-ARG s/f"]
[Site "Buenos Aires ARG"]
[Date "2008.07.26"]
[Round "6"]
[White "Di Benedetto,G"]
[Black "Calderon Fernandez,G"]
[Result "1-0"]
[WhiteElo "2300"]
[BlackElo "2303"]

1.d4 d5 2.c4 c6 3.Nf3 Nf6 4.Nc3 a6 5.a4 e6 6.g3 Nbd7 7.Bg2 Bb4 8.O-O O-O
9.Qd3 a5 10.Nd2 b6 11.Rd1 Ba6 12.e4 dxc4 13.Nxc4 Ne5 14.dxe5 Qxd3 15.Rxd3 Ng4
16.Ne3 Bxd3 17.Nxg4 b5 18.Bf1 Bxf1 19.Kxf1 Rfd8 20.Ke2 Rd4 21.f3 Bxc3 22.bxc3 Rxa4
23.Rxa4 bxa4 24.Ne3 Rb8 25.Nc4 Rb5 26.Kd3 Rb1 27.Kc2 Rb5 28.Ba3 g5 29.Be7 h6
30.Nd6 Rb8 31.Nc4 Rb5 32.h3 Kg7 33.f4 gxf4 34.gxf4 Kh7 35.Bd6 Kg6 36.Nb2 Kh5
37.Nxa4 Kh4 38.c4 Rb7 39.f5 exf5 40.exf5 Kg5 41.e6 fxe6 42.fxe6 Kf6 43.Nc5 Rg7
44.e7 Rg8 45.Na6 Kf7 46.c5  1-0

[Event "XXVI Andorra Open"]
[Site "La Massana AND"]
[Date "2008.07.26"]
[Round "8"]
[White "Aloma Vidal,R"]
[Black "De la Riva Aguado,O"]
[Result "0-1"]
[WhiteElo "2388"]
[BlackElo "2542"]

1.d4 d5 2.c4 c6 3.Nf3 Nf6 4.Nc3 a6 5.e3 b5 6.c5 g6 7.Bd3 Bg7 8.Bd2 a5 9.Ne5 Be6
10.f4 Nfd7 11.e4 O-O 12.Qf3 Nxe5 13.dxe5 Na6 14.f5 dxe4 15.Bxe4 gxf5 16.Bxc6 Nxc5
17.O-O-O Rc8 18.Bxb5 Ne4 19.Be1 Qc7 20.Kb1 Qxe5 21.Bd7 Rb8 22.Bxe6 fxe6 23.Ka1 Rfc8
24.Rd3 Qc5 25.Bg3 Rxb2 26.Kxb2 Nxc3 27.Rc1 Na4+  0-1

[Event "ZMD Open"]
[Site "Dresden GER"]
[Date "2008.07.27"]
[Round "9"]
[White "Farago,I"]
[Black "Svetushkin,D"]
[Result "1/2-1/2"]
[WhiteElo "2482"]
[BlackElo "2587"]

1.d4 d5 2.c4 c6 3.Nf3 Nf6 4.Nc3 a6 5.c5 Bf5 6.Bf4 Nbd7 7.e3 g6 8.h3 Bg7 9.Be2 Be4
10.O-O Bxf3 11.Bxf3 O-O 12.Qb3 Ra7 13.Rad1 Qa5 14.Be2 Re8 15.Rfe1 e5 16.Bg3 exd4
17.exd4 Nf8 18.Be5 Qd8 19.Bf3 Ne6 20.Bxf6 Bxf6 21.Bg4 Nxd4 22.Rxe8+ Qxe8
23.Qb6 Ra8 24.Nxd5 Be5 25.Nc7 Bxc7 26.Qxc7 Rd8 27.Qf4 Nb5 28.Rxd8 Qxd8 29.Be2 Nc7
30.Bc4 Qe7 31.Qd6 Kf8 32.Qd4 Qe1+ 33.Kh2 Ne8 34.b4 Ng7 35.Qd8+ Ne8 36.Qd4 h5
37.Qf4 f6 38.Qh6+ Ke7 39.Qh7+ Kd8 40.Qxb7 Qxf2 41.Qb8+ Ke7 42.Qb7+ Kd8 43.Qb8+ Ke7
44.Bxa6 Qd4 45.Qb7+ Kf8 46.Qxc6 Qxb4 47.Bb5 Qf4+ 48.Kg1 Qe3+ 49.Kh1 Qc1+
50.Kh2 Qf4+ 51.Kh1 Nc7 52.a4 Qc1+ 53.Kh2 Qf4+ 54.Kh1 Qc1+  1/2-1/2

[Event "Politiken Cup"]
[Site "Helsingor DEN"]
[Date "2008.07.27"]
[Round "10"]
[White "Schnabel,A"]
[Black "Benediktsson,F"]
[Result "0-1"]
[WhiteElo "2153"]
[BlackElo "1915"]

1.d4 d5 2.c4 c6 3.Nf3 Nf6 4.Nc3 a6 5.cxd5 cxd5 6.g3 g6 7.Bg2 Bg7 8.Qa4+ Nbd7
9.Bf4 O-O 10.Rc1 b5 11.Nxb5 Qb6 12.Nc7 Ra7 13.b4 Nb8 14.Ne5 Rxc7 15.Rxc7 Qxc7
16.O-O Qb6 17.Rc1 e6 18.Qc2 Nfd7  0-1

[Event "Sun Pawn B"]
[Site "Illichevsk UKR"]
[Date "2008.07.28"]
[Round "8"]
[White "Bagrationi,A"]
[Black "Kagramanianz,V"]
[Result "1-0"]
[WhiteElo "2252"]
[BlackElo "2251"]

1.d4 d5 2.c4 c6 3.Nf3 Nf6 4.Nc3 a6 5.c5 g6 6.Bf4 Bg7 7.e3 O-O 8.Be2 Bg4 9.O-O Nfd7
10.e4 dxe4 11.Nxe4 Nf6 12.Nc3 Nd5 13.Bg3 b5 14.cxb6 Nxb6 15.Be5 Bh6 16.h3 Bf5
17.Re1 N8d7 18.Bh2 Nd5 19.Bc4 Nb4 20.g4 Nc2 21.gxf5 Nxe1 22.Qxe1 gxf5 23.Rd1 Nb6
24.Bb3 e6 25.Kh1 Nd5 26.Qe5 Bg7 27.Rg1 Nf6 28.Qg3 Nh5 29.Qg2 Kh8 30.Qf1 Rg8
31.Qe2 Nf6 32.Ba4 Rc8 33.Ne5 Qe8 34.Qxa6 Bh6 35.Rxg8+ Kxg8 36.Bxc6 Qd8 37.Qb7 Rc7
38.Qb6 Rc8 39.Qxd8+ Rxd8 40.Nf3 Bc1 41.b4 Bb2 42.Be5 Ne8 43.Bxe8 Bxc3 44.b5 Rxe8
45.b6 f6 46.Bd6 e5 47.b7 e4 48.Nh4 Bxd4 49.b8=Q Rxb8 50.Bxb8 Bxf2 51.Nxf5 Bb6
52.Kg2 Kf7 53.Nd6+ Ke6 54.Nxe4 h6 55.Kf3 f5 56.Ng3 Ba5 57.Bf4  1-0

[Event "Sun Pawn B"]
[Site "Illichevsk UKR"]
[Date "2008.07.29"]
[Round "9"]
[White "Belosvetov,N"]
[Black "Prociuc,E"]
[Result "1-0"]
[WhiteElo "2273"]
[BlackElo "2109"]

1.d4 Nf6 2.c4 c6 3.Nf3 d5 4.Nc3 a6 5.e3 e6 6.Bd3 Bd6 7.O-O Nbd7 8.e4 dxe4
9.Nxe4 Nxe4 10.Bxe4 Nf6 11.Bc2 O-O 12.Bg5 Be7 13.Qd3 g6 14.Rad1 Re8 15.Rfe1 Nd7
16.Bxe7 Qxe7 17.Qc3 Qf6 18.Ne5 Qg5 19.Rd3 f5 20.Nf3 Qf6 21.c5 Qd8 22.Bb3 Nf6
23.Ne5 Ne4 24.Qc1 Qg5 25.Qd1 Kg7 26.f3 Nf6 27.Nc4 Nd5 28.Nd6 Rf8 29.Bxd5 exd5
30.Rde3 Rb8 31.Re7+ Kg8 32.Rc7 f4 33.Ree7 Qh4 34.Qe2 Bf5 35.Qe5 Rf6 36.Rg7+ Kh8
37.Rxh7+  1-0

[Event "DOBA as GM CUP"]
[Site "Mlada Boleslav CZE"]
[Date "2008.07.29"]
[Round "3"]
[White "Zilka,S"]
[Black "Cernousek,L"]
[Result "0-1"]
[WhiteElo "2463"]
[BlackElo "2436"]

1.d4 d5 2.c4 c6 3.Nf3 Nf6 4.Nc3 a6 5.c5 g6 6.Bf4 Nh5 7.Bd2 Bg7 8.e3 Nd7 9.Be2 Nhf6
10.b4 O-O 11.O-O Qc7 12.a4 e5 13.b5 axb5 14.axb5 Rxa1 15.Qxa1 Ne4 16.Nxe4 dxe4
17.Nxe5 Nxe5 18.dxe5 Qxe5 19.Qxe5 Bxe5 20.b6 Be6 21.Rc1 Ra8 22.f4 Bb2 23.Rc2 Ra2
24.Bc4 Bxc4 25.Rxc4 f5 26.Rc2 Ra1+ 27.Kf2 Ba3 28.Rc4 Bb2 29.Rc2 Bf6 30.Bc3 Bxc3
31.Rxc3 Ra2+ 32.Kf1 Kf7 33.Rc4 Ra5 34.g4 Ke6 35.g5 Ra3 36.Ke2 Kd5 37.Rd4+ Kxc5
38.Rd7 Ra2+ 39.Kd1 Rxh2 40.Rxb7 Kc4 41.Rd7 Kc3 42.b7 Rh1+ 43.Ke2 Rh2+ 44.Kd1 Rh1+
45.Ke2 Rb1 46.Kf2 c5 47.Ke2 Rb2+ 48.Kd1 Rb1+ 49.Ke2 c4 50.Kf2 Kc2 51.Ke2 c3
52.Rc7 Rb2  0-1

[Event "Dutch Open"]
[Site "Dieren NED"]
[Date "2008.07.30"]
[Round "8"]
[White "Wiersma,E"]
[Black "Van Delft,M"]
[Result "1/2-1/2"]
[WhiteElo "2419"]
[BlackElo "2399"]

1.d4 d5 2.c4 c6 3.Nf3 Nf6 4.Nc3 a6 5.e3 Bf5 6.Ne5 h6 7.g4 Be6 8.cxd5 Nxd5
9.Bg2 Nd7 10.Nd3 N5f6 11.h3 Bc4 12.O-O  1/2-1/2

[Event "8th United Insurance"]
[Site "Dhaka BAN"]
[Date "2008.07.31"]
[Round "2"]
[White "Bitan,B"]
[Black "Himanshu,Sh"]
[Result "1/2-1/2"]
[WhiteElo "2281"]
[BlackElo "2423"]

1.d4 d5 2.c4 c6 3.Nf3 Nf6 4.Nc3 a6 5.c5 Bf5 6.Bf4 Nbd7 7.e3 Nh5 8.Be5 f6
9.Bg3 Nxg3 10.hxg3 e5 11.Nh4 Be6 12.Ng6 Rg8 13.Rxh7 Qc7 14.Qc2 O-O-O 15.O-O-O Re8
16.Be2 Be7 17.Nxe7+ Rxe7 18.Rdh1 Qd8 19.Bd3 Kb8 20.a3 Bf7 21.b4 Qe8 22.Kb2 Nf8
23.Rh8 Ne6 24.Rxg8 Qxg8 25.Qd2  1/2-1/2

[Event "III Open"]
[Site "Oviedo ESP"]
[Date "2008.07.31"]
[Round "9"]
[White "Alvarez Aguirrezabala,L"]
[Black "Auro Ordonez,R"]
[Result "1-0"]
[WhiteElo "1763"]
[BlackElo "1907"]

1.d4 d5 2.Nf3 Nf6 3.c4 c6 4.Nc3 a6 5.Bf4 Bf5 6.e3 e6 7.Nh4 Bg4 8.Qb3 b5 9.cxd5 Nxd5
10.Nxd5 cxd5 11.Nf3 Bxf3 12.gxf3 Qa5+ 13.Kd1 Be7 14.Bd3 O-O 15.Ke2 Nd7 16.Rhg1 Rfc8
17.Rg3 g6 18.h4 Nf6 19.Rh1 Nh5 20.Rg4 Nxf4+ 21.Rxf4 Rc7 22.h5 g5 23.Rg4 f5
24.Bxf5 Rac8 25.Bxe6+ Kf8 26.Bxc8 Rxc8 27.Qxd5 Rc2+ 28.Kd3 Qc7 29.Qa8+ Kf7
30.Qd5+ Kf8 31.Qb3 Rc4 32.f4 h6 33.fxg5 Bxg5 34.f4 Qh7+ 35.Kd2 Qe4 36.Rhg1 Bf6
37.Qd3 Qf3 38.R1g2 Qd5 39.Qh7 Rxd4+ 40.exd4 Qxd4+ 41.Qd3 Qxb2+ 42.Ke3 Qc1+
43.Kf3 Qc6+ 44.Kg3 Kf7 45.Kh3 Qc8 46.Qg6+ Ke7 47.Re2+ Kd7 48.Qf7+ Kc6  1-0

[Event "Arctic Chess Challenge"]
[Site "Tromso NOR"]
[Date "2008.08.02"]
[Round "1"]
[White "Hanssen,G"]
[Black "Jacobsen,Mad"]
[Result "1-0"]
[WhiteElo "2232"]
[BlackElo "1831"]

1.Nf3 Nf6 2.c4 c6 3.d4 d5 4.Nc3 a6 5.e3 Bf5 6.Be2 e6 7.Nh4 Bg6 8.Nxg6 hxg6
9.O-O Nbd7 10.b3 b5 11.Bb2 Nb6 12.Rc1 b4 13.Nb1 c5 14.Nd2 Nbd7 15.Bf3 Rc8
16.g3 Qa5 17.Qe2 Qxa2 18.Rc2 Qa5 19.Ra1 Qc7 20.Rxa6 cxd4 21.exd4 Be7 22.Rc1 Qb7
23.Rca1 O-O 24.c5 Bxc5 25.dxc5 Rxc5 26.Bd4 Rc2 27.Qd1 Rc6 28.Rxc6 Qxc6 29.Rc1 Qd6
30.Bb2 Qe7 31.Qe2 Ra8 32.Nc4 Ra2 33.Bxf6 Qxf6 34.Qxa2 dxc4 35.Qa8+ Kh7 36.Rxc4 g5
37.Qe4+ g6 38.Qd4 Ne5 39.Be2  1-0

[Event "17th Open"]
[Site "Kavala GRE"]
[Date "2008.08.03"]
[Round "5"]
[White "Janssen,Ru"]
[Black "Burmakin,V"]
[Result "0-1"]
[WhiteElo "2503"]
[BlackElo "2625"]

1.d4 d5 2.c4 c6 3.Nc3 Nf6 4.Nf3 a6 5.c5 Qc7 6.Bg5 Nbd7 7.e3 e5 8.Bxf6 gxf6
9.Be2 f5 10.O-O Bg7 11.g3 O-O 12.Qc2 h6 13.Rad1 f4 14.exf4 exf4 15.Rfe1 Rd8
16.Nh4 Nf8 17.Bh5 Nh7 18.Ne2 fxg3 19.hxg3 Nf6 20.Bf3 Bd7 21.Nf4 Re8 22.b4 Rxe1+
23.Rxe1 Re8 24.Rxe8+ Nxe8 25.Qd1 Bf6 26.Nhg2 Ng7 27.Nh5 Nxh5 28.Bxh5 Be6
29.Ne3 Bg7 30.Bg4 Qe7 31.Nf5 Qg5 32.f4 Qf6 33.Nxg7 Qxg7 34.f5 Bd7 35.Kh2 Qg5
36.Qe2 Bxf5 37.Qe8+ Kg7 38.Qe5+ Kg6 39.Qd6+ Kg7 40.Qe5+ Kg6 41.Qd6+ f6 42.Bxf5+ Qxf5
43.Qb8 Qf2+ 44.Kh3 Qf1+ 45.Kh2 Qe2+ 46.Kh3 Qe6+ 47.Kh2 Qe7 48.a4 h5 49.b5 axb5
50.axb5 Qe2+ 51.Kh3 Qe6+ 52.Kh2 cxb5 53.Qxb7 Qe2+ 54.Kh3 Qf1+ 55.Kh2 Qf2+
56.Kh3 Qxd4 57.c6 Qg1  0-1

[Event "17th Open"]
[Site "Kavala GRE"]
[Date "2008.08.03"]
[Round "5"]
[White "Sulashvili,M"]
[Black "Svetushkin,D"]
[Result "0-1"]
[WhiteElo "2499"]
[BlackElo "2587"]

1.d4 d5 2.c4 c6 3.Nf3 Nf6 4.Nc3 a6 5.c5 Bf5 6.e3 h6 7.Bd3 Bxd3 8.Qxd3 Nbd7
9.b4 Qc7 10.O-O e6 11.a4 Be7 12.Bd2 O-O 13.e4 dxe4 14.Nxe4 Nxe4 15.Qxe4 Nf6
16.Qe2 Nd5 17.b5 Bf6 18.g3 Rfd8 19.Rfd1 Rd7 20.Qc4 Qc8 21.Rab1 axb5 22.axb5 Nc7
23.bxc6 bxc6 24.Bf4 Nb5 25.Rb3 Rd5 26.Be5 Be7 27.Kg2 Qd7 28.Rbd3 Ra3 29.Rxa3 Nxa3
30.Qa6 Nb5 31.Rb1 Qe8 32.Qb7 f6 33.Bf4 g5 34.Be3 Rd8 35.Ra1 Rb8 36.Qa6 Qd7
37.Qa2 Bf8 38.Qc4 Bg7 39.Ra6 Rb7 40.Nd2 f5 41.Nb3 Nc7 42.Rb6 Nd5 43.Rxb7 Qxb7
44.Bd2 Qd7 45.f3 Kf7 46.Kf2 Bf6 47.Ke2 h5 48.Nc1 Nc7 49.Bc3 g4 50.f4 Nb5
51.Kd3 h4 52.Na2 Qa7 53.Nb4 Qa3 54.Nxc6 Nxc3  0-1

[Event "95th ch-GBR"]
[Site "Liverpool ENG"]
[Date "2008.08.04"]
[Round "7"]
[White "Knott,S"]
[Black "Flear,G"]
[Result "1/2-1/2"]
[WhiteElo "2365"]
[BlackElo "2493"]

1.Nf3 d5 2.d4 Nf6 3.c4 c6 4.Nc3 a6 5.c5 Bf5 6.Bf4 Nbd7 7.e3 Nh5 8.Be5 f6
9.Bg3 e5 10.Be2 Bg4 11.b4 e4 12.Nd2 Bxe2 13.Qxe2 g6 14.Nb3 Be7 15.Na5 Ra7
16.a3 f5 17.Na4 O-O 18.O-O f4 19.exf4 Nxf4 20.Bxf4 Rxf4 21.Rad1 Bf6 22.Qe3 g5
23.f3 Qc7 24.g3 Rxf3 25.Rxf3 exf3 26.Qxf3 Kg7 27.Nb3 Ra8 28.Rf1 Re8 29.Kg2 Re6
30.Rf2 Nf8 31.Re2 Qe7 32.Nc3 Rxe2+ 33.Nxe2 Qd7 34.Nbc1  1/2-1/2

[Event "IX Miquel Mas de Figueres Open"]
[Site "Castell de Sant Ferran ESP"]
[Date "2008.08.05"]
[Round "5"]
[White "Delchev,A"]
[Black "Prie,E"]
[Result "1/2-1/2"]
[WhiteElo "2618"]
[BlackElo "2526"]

1.d4 d5 2.c4 c6 3.Nc3 Nf6 4.Nf3 a6 5.cxd5 cxd5 6.Bf4 Nc6 7.Rc1 Bf5 8.e3 e6
9.Qb3 Ra7 10.Be2 Be7 11.O-O O-O 12.Na4 Ne4 13.Qb6 Qa8 14.Ne5 g5 15.Nxc6 bxc6
16.Bc7 Rc8 17.Rxc6 Rb7 18.Rfc1 Rxb6 19.Nxb6 Qb7 20.Nxc8 Qxc8 21.Be5 Qb7 22.Rc8+ Bf8
23.Rb8 Qd7 24.Rcc8 f6 25.Rxf8+ Kg7 26.Bg3 Qa4 27.Rfc8 Qa5 28.Bf1 h5 29.f3 Nxg3
30.hxg3 Qe1 31.Rc7+ Kg6 32.Rg8+ Kh6 33.Rh8+  1/2-1/2

[Event "5th Open"]
[Site "Kalamaria GRE"]
[Date "2008.08.05"]
[Round "4"]
[White "Salem,AR"]
[Black "Andriasian,Z"]
[Result "1/2-1/2"]
[WhiteElo "2443"]
[BlackElo "2533"]

1.d4 d5 2.c4 c6 3.Nf3 Nf6 4.Nc3 a6 5.c5 Nbd7 6.Bf4 Nh5 7.Bd2 Nhf6 8.Qc2 g6
9.Bg5 Bg7 10.e3 h6 11.Bh4 g5 12.Bg3 Nh5 13.O-O-O Nxg3 14.hxg3 b6 15.cxb6 Rb8
16.e4 dxe4 17.Nxe4 Qxb6 18.Bc4 g4 19.Nh4 Nf6 20.Rhe1 Nxe4 21.Rxe4 c5 22.Rf4 e6
23.Ng6 cxd4 24.Nxh8 Bxh8 25.Rxg4 Kf8 26.Rd2 Bf6 27.Qh7 Ke7 28.Rf4 Qc5 29.Rc2 Qg5
30.Bd3 e5 31.Rc7+ Bd7 32.Rxd7+ Kxd7 33.Qxf7+ Be7 34.Bf5+ Kc7 35.Qc4+ Kb6
36.Qe6+ Kc7 37.Qxe5+ Bd6 38.Qa5+ Rb6 39.Kb1 Bxf4 40.Qc5+ Rc6 41.Qa7+ Kd6
42.Qxd4+ Kc7 43.Qa7+  1/2-1/2

[Event "12th HZ Open"]
[Site "Vlissingen NED"]
[Date "2008.08.06"]
[Round "6"]
[White "Lacrosse,M"]
[Black "Reyniers,P"]
[Result "0-1"]
[WhiteElo "2202"]
[BlackElo "2027"]

1.d4 d5 2.c4 c6 3.Nf3 Nf6 4.Nc3 a6 5.cxd5 cxd5 6.Bf4 Nc6 7.Rc1 e6 8.e3 Bd6
9.Bg3 O-O 10.Bd3 Na5 11.O-O b5 12.Ne5 Bb7 13.Bh4 Be7 14.Bb1 Ne4 15.Bxe7 Qxe7
16.Nxe4 dxe4 17.Qe1 b4 18.Rc5 f6 19.Rxa5 fxe5 20.Rxe5 Rf5 21.Rxf5 exf5 22.Qd2 Rd8
23.Rc1 a5 24.Bc2 Bd5 25.Ba4 Be6 26.Qc2 Rc8 27.Qd1 Rxc1 28.Qxc1 Kf8 29.Bb3 Bxb3
30.Qc8+ Qe8 31.Qxe8+ Kxe8 32.axb3 Kd7 33.f3 g5 34.Kf2 Ke6 35.Kg3 f4+ 36.exf4 e3
37.fxg5 Kd5 38.f4 Kxd4 39.f5 Kd3 40.f6 e2 41.f7  0-1

[Event "Petrovskaya Ladya Open"]
[Site "Peterhof RUS"]
[Date "2008.08.08"]
[Round "7"]
[White "Duzhakov,I"]
[Black "Skurygin,A"]
[Result "1/2-1/2"]
[WhiteElo "2267"]
[BlackElo "2252"]

1.d4 d5 2.c4 c6 3.Nf3 Nf6 4.Nc3 a6 5.c5 g6 6.g3 Bg7 7.Bg2 O-O 8.O-O Nbd7
9.Qc2 Re8 10.Bf4 Nh5 11.Bg5 f5 12.Rad1 Qc7 13.Qb3 h6 14.Bc1 Kh7 15.Na4 e5
16.Nb6 Rb8 17.Nxd7 Bxd7 18.Nxe5 Bxe5 19.dxe5 Qxe5 20.Bf3 Qg7 21.Rfe1 Be6
22.Bxh5 gxh5 23.Bf4 Rbd8 24.h4 Rd7  1/2-1/2

[Event "5th Open"]
[Site "Kalamaria GRE"]
[Date "2008.08.09"]
[Round "8"]
[White "Timoshenko,G"]
[Black "Bojkov,D"]
[Result "1/2-1/2"]
[WhiteElo "2572"]
[BlackElo "2498"]

1.d4 d5 2.c4 c6 3.Nf3 Nf6 4.Nc3 a6 5.c5 Bf5 6.Bf4 Nbd7 7.e3 e6 8.Nd2 Be7
9.Be2 Bg6 10.O-O O-O 11.b4 Ne8 12.Nb3 Bf6 13.Na5 Ra7 14.Bg3 e5 15.dxe5 Nxe5
16.Qd2 Nd7 17.Nb3 Nc7 18.f4 Bf5 19.Nd4 Bxd4 20.exd4 Nb5 21.Bxb5 axb5 22.Rae1 Qf6
23.Re3 Rfa8 24.Rfe1 Nf8 25.Re8 Be6 26.Rxa8 Rxa8 27.h3 Bf5 28.Kh2 Ne6 29.Re5 h5  1/2-1/2

[Event "FSIMB August"]
[Site "Budapest HUN"]
[Date "2008.08.10"]
[Round "9"]
[White "Leviczky,T"]
[Black "Farago,S"]
[Result "1-0"]
[WhiteElo "2335"]
[BlackElo "2271"]

1.d4 d5 2.c4 c6 3.Nf3 Nf6 4.Nc3 a6 5.e3 b5 6.b3 Bg4 7.Be2 e6 8.O-O Bb4 9.Bd2 Bd6
10.c5 Bc7 11.b4 Nbd7 12.a4 O-O 13.Ra2 e5 14.axb5 axb5 15.Rxa8 Qxa8 16.Nh4 Be6
17.f4 exf4 18.exf4 Qd8 19.f5 Ne4 20.g3  1-0

[Event "BDO Premier"]
[Site "Haarlem NED"]
[Date "2008.08.10"]
[Round "2"]
[White "Van Vliet,J"]
[Black "Siebrecht,S"]
[Result "0-1"]
[WhiteElo "2296"]
[BlackElo "2453"]

1.d4 d5 2.c4 c6 3.Nf3 Nf6 4.Nc3 a6 5.c5 Nbd7 6.Bf4 Nh5 7.Bd2 Nhf6 8.b4 g6
9.e3 Bg7 10.Bd3 O-O 11.O-O Re8 12.Qb3 e5 13.dxe5 Ng4 14.e6 Rxe6 15.Nd4 Qc7
16.g3 Re8 17.Be2 h5 18.h3 Ngf6 19.Kg2 Nf8 20.Bd3 Ne6 21.Nf3 a5 22.a3 axb4
23.axb4 Rxa1 24.Rxa1 Ne4 25.Rd1 Nxd2 26.Rxd2 h4 27.gxh4 Qd7 28.Ng1 Qe7 29.Na4 Qxh4
30.Nb6 d4 31.Nxc8 dxe3 32.fxe3 Qg5+ 33.Kh1 Rxc8 34.Bc4 Qe5 35.Bf1 Ra8 36.Bg2 Qg3
37.Rd1 Ng5 38.Ne2 Qf2 39.Nf4 Re8 40.Rf1 Qg3 41.Nxg6 Rxe3 42.Qa2 Re1 43.Rxe1 Qxe1+
44.Kh2 Kh7 45.Nf4 Be5  0-1

[Event "XXI Virxe Peregrina Open"]
[Site "Pontevedra ESP"]
[Date "2008.08.11"]
[Round "2"]
[White "Villar Perez,S"]
[Black "Diaz Nunez,A"]
[Result "1-0"]
[WhiteElo "1937"]
[BlackElo "2251"]

1.d4 d5 2.Nf3 Nf6 3.c4 c6 4.Nc3 a6 5.c5 Bf5 6.Bf4 Nbd7 7.e3 g6 8.h3 Bg7 9.Be2 Be4
10.Ng5 h6 11.Ngxe4 Nxe4 12.Nxe4 dxe4 13.Qc2 Qa5+ 14.Qc3 Qxc3+ 15.bxc3 Nxc5
16.Rb1 Na4 17.Rxb7 Nxc3 18.Bc4 Bf6 19.O-O Nd5 20.Bg3 O-O 21.Rc1 Rfc8 22.Bb3 a5
23.Ba4 e6 24.Rxc6 Nb4 25.Rxc8+ Rxc8 26.Bb3 Nd3 27.Bc7 Ra8 28.d5 e5 29.d6 Rf8
30.f3 exf3 31.gxf3 Bg5 32.Kf1 Bf6 33.Ke2 Nb4 34.Kd1 Na6 35.Ra7 Nc5 36.Bxa5 Nxb3
37.axb3 Rb8 38.b4 Bd8 39.Bc7 Bxc7 40.dxc7 Rc8 41.b5  1-0